[Event "3rd Memorial Warakomska 2019"]
[Site "Suwalki"]
[Date "2019.08.05"]
[Round "1.29"]
[White "Skawinski, Arkadiusz"]
[Black "Balinski, Damian"]
[Result "1-0"]
[WhiteElo "2398"]
[BlackElo "2176"]
[Annotator "TA"]
[PlyCount "55"]
[EventDate "2019.08.05"]
[EventType "swiss"]
[EventCountry "POL"]
[SourceTitle "playchess.com"]
[Source "ChessBase"]
[SourceQuality "1"]

{[%evp 15,55,26,23,43,33,39,40,34,19,44,90,83,81,73,62,82,114,47,93,88,97,110,91,91,108,102,104,174,492,502,514,502,491,502,375,416,29991,29992,29992,29993,29998,29999]} 1. e4 d6 2. d4 Nf6 3. Nc3 g6 4. Nf3 Bg7 5. Be3 O-O 6. Qd2 c6 7. Bh6 b5 8. Bd3 Bg4 9. h4 {B08: Pirc Defence: Classical System} Bxf3 (9... Nbd7 10. h5 Bxh5 11. O-O-O b4 12. Ne2 e5 13. Ng3 Bxh6 14. Qxh6 Ng4 15. Qd2 Ndf6 16. Rh4 exd4 17. Nxh5 gxh5 18. e5 dxe5 19. Nxe5 Nxe5 20. Qg5+ Ng6 21. f4 Nd5 22. Qxh5 Qxh4 {0-1 (22) Giri,A (2782)-Mamedyarov,S (2801) chess.com INT 2018}) 10. gxf3 e5 11. h5 $146 {White is slightly better.} ({Predecessor:} 11. dxe5 dxe5 12. a4 bxa4 13. Nxa4 Nbd7 14. Be3 Nh5 15. Bc4 Nb6 16. Qxd8 Rfxd8 {1-0 (31) Thinius,M (2360)-Ermitsch,M (2179) Germany 2016}) 11... Nxh5 12. O-O-O Nf4 13. Bxf4 exf4 14. Qxf4 Qf6 15. Qh2 {[%csl Gh1][%cal Rh2h7]} h5 16. Ne2 (16. f4 $1 $16) 16... Nd7 17. f4 {[#]} Nc5 $1 {[%mdl 512]} 18. dxc5 Qxb2+ {[%mdl 64] Double Attack} 19. Kd2 dxc5 {Hoping for ...Rad8.} 20. e5 $1 Rad8 {aiming for ...c4.} 21. Ke3 Qxa2 $2 (21... Rfe8) 22. Ng3 $18 {And now Nxh5! would win.} Rfe8 {[#]} 23. Nxh5 $1 {[%mdl 512]} gxh5 24. Qxh5 {Rdg1! is the strong threat.} Kf8 {[#]} 25. Rdg1 $1 {[%cal Rg1g7] Black must now prevent Rxg7!} Re6 {[#]} (25... Qe6 $18 26. Rg5 Rd4) 26. Rxg7 $1 {[%csl Gg7][%cal Rh5f7][%mdl 512] White mates.} Rxd3+ (26... Kxg7 27. Qg5+) 27. cxd3 {[%csl Gg7][%cal Rh5f7]} Kxg7 28. Qh8+ {Accuracy: White = 88%, Black = 56%.} 1-0

[Event "3rd Memorial Warakomska 2019"]
[Site "Suwalki"]
[Date "2019.08.05"]
[Round "1.30"]
[White "Korbal, Arkadiusz"]
[Black "Tihonov, Jurij"]
[Result "0-1"]
[WhiteElo "2178"]
[BlackElo "2393"]
[Annotator "TA"]
[PlyCount "60"]
[EventDate "2019.08.05"]
[EventType "swiss"]
[EventCountry "POL"]
[SourceTitle "playchess.com"]
[Source "ChessBase"]
[SourceQuality "1"]

{[%evp 15,60,16,16,0,9,0,-12,-29,-33,-68,-56,-65,-63,-68,-53,-63,-70,-106,-107,-97,-97,-146,-100,-178,-144,-226,-176,-175,-192,-203,-185,-426,-423,-547,-555,-847,-812,-2402,-2287,-29991,-29992,-29997,-29998,-29998,-29980,-29998,-29999]} 1. d4 d6 2. g3 g6 3. Bg2 Bg7 4. e4 Nf6 5. Ne2 O-O 6. O-O e5 7. Nbc3 c6 8. h3 b5 9. Be3 {B07: Pirc Defence: Miscellaneous Systems} (9. a3 Bb7 10. f4 exd4 11. Nxd4 Re8 12. Nde2 a5 13. e5 Qb6+ 14. Qd4 c5 15. Qf2 dxe5 16. fxe5 Rxe5 17. Bf4 Re8 {0-1 (47) Vitiugov,N (2734)-Bologan,V (2672) Khanty-Mansiysk 2013}) 9... exd4 10. Nxd4 $146 ({Predecessor:} 10. Bxd4 b4 11. Na4 Re8 12. f3 c5 13. Bf2 a5 14. e5 dxe5 15. Qxd8 Rxd8 16. f4 e4 17. Nxc5 {0-1 (65) Vidarsson,J (2333)-Gretarsson,H (2504) Reykjavik 2004}) 10... b4 11. Nce2 {The position is equal.} Re8 12. e5 dxe5 13. Nxc6 Nxc6 14. Bxc6 Bxh3 {Hoping for ...Rc8.} 15. Qxd8 Rexd8 16. Rfd1 Rac8 {Threatens to win with ...Rxd1+.} 17. Bb7 Rb8 {Strongly threatening ...Rxd1+.} 18. Ba6 h5 19. Bc4 (19. Rxd8+ $17 {is a better defense.} Rxd8 20. c3) 19... a5 {[%cal Ba7a5,Ba5a4][%mdl 32]} 20. f3 (20. Rxd8+ $17 Rxd8 21. c3) 20... a4 21. b3 {[#]} e4 $1 {[%cal Re4f3]} 22. Nd4 {If White can now play Nc6 this consolidates a bit.} exf3 23. Nc6 $2 (23. Nxf3 {might work better.} Ne4 24. Rxd8+ Rxd8 25. Bb6) 23... Re8 $19 24. Bd4 Rbc8 25. Nxb4 Ng4 {( -> ...Re1+!)} 26. Bxg7 Rxc4 {[%mdl 64] [#] Promotion} 27. bxc4 Re2 {Black mates.} 28. Bd4 Rg2+ 29. Kh1 Rh2+ 30. Kg1 Bg2 {Accuracy: White = 16%, Black = 78%.} 0-1

[Event "3rd Memorial Warakomska 2019"]
[Site "Suwalki"]
[Date "2019.08.05"]
[Round "1.31"]
[White "Kaczmarek, Aleksander"]
[Black "Leskiewicz, Ignacy"]
[Result "1-0"]
[WhiteElo "2389"]
[BlackElo "2120"]
[Annotator "TA"]
[PlyCount "63"]
[EventDate "2019.08.05"]
[EventType "swiss"]
[EventCountry "POL"]
[SourceTitle "playchess.com"]
[Source "ChessBase"]
[SourceQuality "1"]

{[%evp 10,63,36,6,1,14,29,0,12,0,5,19,51,37,24,16,87,89,83,116,104,61,58,51,70,-4,87,62,60,37,46,38,47,45,49,56,139,9,428,429,416,410,438,433,516,504,521,519,532,532,561,547,532,536,633,570]} 1. e4 c5 2. Nf3 d6 3. d4 cxd4 4. Nxd4 Nf6 5. Nc3 a6 6. Nb3 g6 {B90: Sicilian Najdorf: Unusual White 6th moves, 6 Be3 Ng4 and 6 Be3 e5} 7. Be2 (7. Be3 Bg7 8. Qd2 Ng4 9. Bg5 h6 10. Bh4 g5 11. Bg3 Nc6 12. Be2 Nge5 13. h4 gxh4 14. Bxh4 {0-1 (35) Alekseenko,K (2638)-Nepomniachtchi,I (2763) St Petersburg 2018}) 7... Bg7 8. g4 Nc6 {The position is equal.} 9. g5 Nh5 $146 ({Predecessor:} 9... Nd7 10. Be3 b5 11. Nd4 Bb7 12. Nxc6 Bxc6 13. Bd4 Bxd4 14. Qxd4 {0-1 (22) Preotu,R (2497)-Xiong,J (2629) Dallas 2017}) 10. Be3 a5 11. Nd5 $36 {[%mdl 2048] Threatens to win with Bb6. White has good play.} O-O 12. c3 Bh3 (12... a4 $11) 13. Nd2 e6 14. Nb6 Nf4 {White must now prevent ...Ng2+.} 15. Bxf4 Qxb6 16. Nc4 {[%mdl 64] Double Attack} Qd8 {Black wants to play ...d5.} 17. Nxd6 (17. Bxd6 $14 Qxg5 18. Bxf8 Rxf8 19. Qd3) 17... Qc7 {[#]} (17... e5 $11 {remains equal.} 18. Be3 Nd4) 18. Qd3 $1 $16 {[%cal Rd3h3]} e5 $1 {[%cal Re5f4]} 19. Nb5 Qc8 20. Bd2 Rd8 21. Qf3 a4 22. Be3 a3 {[#]} ({Black should try} 22... Rd7 $14) 23. bxa3 (23. b3 $1 $16) 23... Nd4 $2 {[%mdl 8192]} (23... Rd7 $11) 24. cxd4 $18 exd4 25. Rc1 Qe6 26. Nc7 {White is clearly winning.} Qxa2 27. Nxa8 dxe3 28. fxe3 ({Not} 28. Qxh3 Qd2+ 29. Kf1 Qxc1+ 30. Kg2 Qc5 $14) ({And not} 28. Qxe3 Qb2 $11) 28... Qxa3 {Hoping for ...Bg4.} 29. Kf2 Bd7 30. Nb6 {aiming for Rhd1.} Bc6 31. Nd5 Qd6 32. Rcd1 {Accuracy: White = 46%, Black = 39%.} 1-0

[Event "3rd Memorial Warakomska 2019"]
[Site "Suwalki"]
[Date "2019.08.05"]
[Round "1.32"]
[White "Maj, Pawel"]
[Black "Molenda, Marcin"]
[Result "1/2-1/2"]
[WhiteElo "2127"]
[BlackElo "2387"]
[Annotator "TA"]
[PlyCount "86"]
[EventDate "2019.08.05"]
[EventType "swiss"]
[EventCountry "POL"]
[SourceTitle "playchess.com"]
[Source "ChessBase"]
[SourceQuality "1"]

{[%evp 13,86,12,23,18,41,29,32,14,14,14,20,14,22,-8,-7,-12,-20,-47,-44,-45,-22,-32,-23,-33,-31,-37,-22,-24,-24,-29,-27,-29,-27,-24,-24,-33,-27,-29,-33,-30,-26,-28,-11,-11,-11,-15,-4,-4,-4,-12,-9,-4,-4,-4,0,-13,-4,-10,-11,-11,-11,-14,-4,-2,0,0,0,0,0,0,17,0,0,0,0]} 1. c4 b6 2. g3 Bb7 3. Nf3 g6 4. Bg2 Bg7 5. d4 Nf6 6. O-O O-O 7. Nc3 e6 8. Bf4 {A50: Queen's Fianchetto Defence (1 d4 Nf6 2 c4 b6)} d6 9. Qd3 $146 ({Predecessor:} 9. Qc2 Nbd7 10. Rad1 Qe7 11. e4 e5 12. Bc1 Rfe8 13. Nd5 Nxd5 14. cxd5 Rac8 15. dxe5 dxe5 {½-½ (68) Wang,Y (2690)-Mamedyarov,S (2804) chess.com INT 2018}) 9... Nbd7 {[%cal Bb8d7,Bd7c5,Bc5e6][%mdl 32]} 10. Rfd1 {White is slightly better.} Qe7 11. e4 e5 12. dxe5 dxe5 13. Bg5 Nc5 $36 {[%mdl 2048] White is under pressure.} 14. Qe2 c6 15. Ne1 Ne6 16. Be3 Rfd8 17. Nc2 Ne8 18. f3 N8c7 19. Qf2 Na6 20. Bh3 Bf6 21. Bxe6 Qxe6 22. b3 Be7 23. Rxd8+ Rxd8 24. Rd1 Re8 25. Kg2 Bc8 26. Qe2 Kg7 27. Ne1 Nc5 28. Nd3 {The position is equal.} Nxd3 29. Rxd3 Rd8 30. Rxd8 Bxd8 31. Qd2 Be7 32. Nd1 f6 33. Nf2 h5 34. Bh6+ Kf7 35. Be3 Qd7 36. Qxd7 Bxd7 $11 {[%mdl 4096] Endgame KBB-KBN} 37. Nd3 g5 38. h3 g4 39. hxg4 hxg4 40. f4 exf4 41. gxf4 Bd6 42. f5 c5 {[#] Hoping for ...Bc6.} 43. Bf4 Bc6 {Accuracy: White = 54%, Black = 64%.} 1/2-1/2

[Event "3rd Memorial Warakomska 2019"]
[Site "Suwalki"]
[Date "2019.08.05"]
[Round "1.33"]
[White "Karavade, Eesha"]
[Black "Suliborski, Jakub"]
[Result "1/2-1/2"]
[WhiteElo "2355"]
[BlackElo "2131"]
[Annotator "TA"]
[PlyCount "48"]
[EventDate "2019.08.05"]
[EventType "swiss"]
[EventCountry "POL"]
[SourceTitle "playchess.com"]
[Source "ChessBase"]
[SourceQuality "1"]

{[%evp 12,48,36,-20,-21,-18,-15,-27,-26,-42,-40,-40,-31,-29,0,-20,-2,-8,0,-5,0,-60,0,-35,18,0,26,31,37,30,30,0,14,0,28,-6,0,0,25]} 1. d4 Nf6 2. c4 e6 3. g3 c5 4. d5 exd5 5. cxd5 b5 {[%cal Bb7b5,Bb5b4][%mdl 32]} 6. Bg2 d6 7. a4 ({White should play} 7. Nf3 $14) 7... b4 $1 $11 {A60: Modern Benoni: Early Divergences} 8. Nd2 (8. b3 g6 9. Bb2 Bg7 10. Nf3 O-O 11. O-O Ba6 12. Re1 Re8 13. Qc2 Ne4 {0-1 (32) Kjartansson,G (2457)-Almasi,Z (2682) Stockholm 2016}) 8... g6 9. Nc4 $1 Ba6 {Black has an edge.} 10. Qc2 Bg7 11. Nf3 Bxc4 12. Qxc4 O-O 13. O-O Nbd7 14. a5 Re8 $146 ({Predecessor:} 14... Qe7 15. h3 {0-1 (30) Saenz,I-Kraai,J (2498) San Diego 2009}) 15. Nd2 Ne5 16. Qb3 (16. Qa6 $11) 16... g5 (16... Rb8 $15) 17. h3 Ng6 (17... Qc8 $15) 18. Nc4 h6 19. Qc2 Qe7 20. Re1 Rad8 21. Ne3 Qe5 22. Nc4 Qe7 $1 23. Ne3 Qe5 24. Nc4 Qe7 $1 {Accuracy: White = 42%, Black = 43%.} 1/2-1/2

[Event "3rd Memorial Warakomska 2019"]
[Site "Suwalki"]
[Date "2019.08.05"]
[Round "1.34"]
[White "Luba, Lukasz"]
[Black "Lewtak, Damian"]
[Result "0-1"]
[WhiteElo "2177"]
[BlackElo "2354"]
[Annotator "TA"]
[PlyCount "101"]
[EventDate "2019.08.05"]
[EventType "swiss"]
[EventCountry "POL"]

{[%evp 9,101,-7,-5,-30,-38,-56,-56,-47,-46,-107,-102,-162,-100,-113,-64,-118,-43,-29,-43,-46,-37,-188,-191,-190,-35,-42,-9,-44,-40,-72,-42,-56,-44,-152,-161,-143,-155,-184,-180,-263,-201,-268,-296,-344,-342,-393,-286,-311,-304,-297,-294,-294,-294,-303,-300,-287,-247,-218,-176,-141,0,-280,-284,-284,-301,-677,-677,-677,-448,-442,-416,-375,0,-611,-785,-295,-888,-854,-824,-799,-805,-437,-253,-716,-699,-634,-594,-29974,-29975,-29984,-5089,-5197,0,-29979]} 1. d4 Nf6 2. e3 g6 3. Bd3 Bg7 4. Nd2 d6 5. c3 Nc6 (5... c5 6. f4 Nc6 7. Ngf3 O-O 8. O-O cxd4 9. exd4 e5 10. dxe5 dxe5 11. fxe5 Qxd3 12. exf6 Bxf6 13. Nb3 Qxd1 14. Rxd1 Re8 15. Kf2 Bg4 16. Bf4 Rad8 17. h3 {½-½ (35) Khetho,P (2153)-Phiri,R (2317) Livingstone 2018}) 6. Qb3 $146 {A45: Trompowsky Attack} ({Predecessor:} 6. e4 e5 7. d5 Ne7 8. Ne2 O-O 9. O-O Nd7 10. Nb3 f5 11. f4 fxe4 12. Bxe4 {0-1 (60) Assmann,S (1837)-Pape,M (2044) Bad Sooden 2006}) 6... e5 7. d5 Ne7 8. e4 {Black is slightly better.} O-O 9. Nf1 (9. c4 $15) 9... c6 $17 10. c4 {[#]} (10. dxc6 $17 bxc6 11. Ng3) 10... Nd7 (10... b5 $1 $19 {[%mdl 512] Threatens to win with ...bxc4.} 11. dxc6 (11. cxb5 cxd5) 11... bxc4 12. Qxc4 Be6) 11. Be3 b6 12. h4 (12. Nd2 $15) 12... Nc5 (12... f5 $17 13. dxc6 Nxc6) 13. Bxc5 $1 $15 bxc5 14. h5 Qa5+ 15. Qc3 $2 (15. Nd2 $1 $15) 15... Qxc3+ $19 16. bxc3 Ba6 $2 (16... cxd5 $1 $19 {...Ba6 is the strong threat.} 17. cxd5 Nxd5 $1 {[%mdl 512]}) 17. hxg6 cxd5 18. gxh7+ Kh8 19. g4 dxc4 20. Bc2 d5 21. Ng3 (21. exd5 $15 Nxd5 22. Be4) 21... d4 $17 22. Nf3 {[#]} Rab8 $1 (22... dxc3 23. Nh5 $15) 23. Nh5 {[#]} Ng6 $1 (23... Kxh7 24. Nf6+ Kg6 25. Nd7 $11) 24. a4 (24. Kd2 $142) 24... Bc8 25. Nd2 Be6 (25... dxc3 26. Nxc4 Bh6 27. Ra3 $17) ({Weaker is} 25... Bxg4 26. Nxg7 Kxg7 27. Nxc4 $17) 26. Nxg7 Kxg7 27. f3 Rh8 28. Rb1 d3 ({Not} 28... dxc3 29. Nf1 $17) 29. Bd1 Rxb1 30. Nxb1 Rb8 ({Less strong is} 30... Rxh7 31. Rxh7+ Kxh7 32. a5 $17) 31. Nd2 a5 32. Rh5 f6 33. Nf1 Rb2 34. Ne3 Rb8 ({Better is} 34... Kh8 $17 {White must now prevent ...Nf4.} 35. Rh6 Nf4 36. Rxf6 Kxh7) 35. Ng2 $2 {[%mdl 8192]} (35. Nf1 $1 $11 {and White has nothing to worry.}) 35... Rh8 $19 36. f4 exf4 37. Rxc5 $2 (37. g5 f5 38. exf5 Bxf5 39. Nh4) 37... Rxh7 38. Rh5 Kg8 39. Kf2 Rb7 40. Rb5 Rh7 $2 (40... Rxb5 41. axb5 Bd7) 41. Rh5 $1 Ne5 42. Rxh7 Kxh7 43. Nxf4 Bxg4 44. Bxg4 Nxg4+ {[%mdl 4096] Endgame KN-KN} 45. Kf3 Ne5+ 46. Ke3 $2 (46. Kf2) 46... Kg7 47. Nd5 Kf7 48. Kd4 Ng4 49. Nf4 Kg7 (49... d2 $142 50. Kc5 d1=Q 51. Nd5 Qd3 52. Kb6 Qxe4 53. Nc7 Qe3+ {[%mdl 64] Double Attack} 54. Kb7 Qxc3 55. Kc8 Qf3 56. Nb5 Qc6+ 57. Kb8 Ne5 58. Nd6+ {[%mdl 64] Back Rank} Qxd6+ 59. Kb7 Nd7 60. Kc8 Ke8 61. Kb7 Qb6+ 62. Kc8 Qc6#) 50. Nh5+ Kf7 $2 ({Black should try} 50... Kf8 $19 51. Kd5 d2) 51. Ng3 $2 {[%mdl 8192] Accuracy: White = 27%, Black = 67%.} (51. Nf4 $11 d2 52. Kc5) 0-1

[Event "3rd Memorial Warakomska 2019"]
[Site "Suwalki"]
[Date "2019.08.05"]
[Round "1.35"]
[White "Kowalski, Igor"]
[Black "Dmochowska, Agnieszka"]
[Result "1-0"]
[WhiteElo "2320"]
[BlackElo "2126"]
[Annotator "TA"]
[PlyCount "75"]
[EventDate "2019.08.05"]
[EventType "swiss"]
[EventCountry "POL"]
[SourceTitle "playchess.com"]
[Source "ChessBase"]
[SourceQuality "1"]

{[%evp 14,75,30,20,29,19,29,15,61,31,34,9,17,18,9,21,41,29,33,38,29,34,34,32,99,96,81,91,85,102,91,113,244,246,278,261,366,366,473,460,1635,1618,1573,1539,2052,1916,29964,3102,29987,1284,3670,2350,1590,847,1543,787,719,697,804,804,873,839,872,865]} 1. d4 Nf6 2. c4 e6 3. Nc3 Bb4 4. Qc2 Nc6 5. Nf3 d6 6. Bd2 e5 7. d5 Bxc3 8. Bxc3 Ne7 {E33: Nimzo-Indian: Classical: 4...Nc6} 9. e4 O-O 10. Be2 Ne8 {The position is equal.} (10... Ng6 11. g3 h6 12. Nd2 Bh3 13. O-O-O c6 14. f3 Rc8 15. Kb1 cxd5 16. cxd5 {½-½ (33) Mchedlishvili,M (2631)-Papaioannou,I (2639) Warsaw 2013}) 11. Nd2 f5 12. O-O-O $146 ({Predecessor:} 12. Bf3 Nf6 13. h4 fxe4 14. Bxe4 Nxe4 15. Nxe4 Bf5 16. f3 {0-1 (40) Cameron,A (2080)-Vaishali,R (2325) Adelaide 2017}) 12... Nf6 13. f3 fxe4 14. Nxe4 Ng6 15. g3 Nxe4 16. Qxe4 Bf5 17. Qe3 Qe8 18. b3 a6 (18... Bh3 $14) 19. h4 $1 $16 b5 20. h5 Ne7 21. h6 $36 {[%mdl 2048] White is on the roll.} Bg6 22. hxg7 Kxg7 (22... Rf7 $16) 23. f4 $18 Nf5 24. Qg1 Kg8 (24... b4 $142) 25. g4 Nd4 26. Rxd4 $1 exd4 (26... b4 $142) 27. Qxd4 {[%csl Gc3][%cal Rd4g7]} Qe7 28. f5 Qe5 29. fxg6 hxg6 30. Qd2 (30. Qd3 $142 Qf4+ 31. Kd1 $1 {[%mdl 512]} Rf6 32. Qh3 Kf7 33. Qh7+ Ke8 34. Qxc7 Rd8 35. Re1) 30... Qg3 31. Bd4 (31. Bd3 $142 a5 32. Bxg6 Rf1+ 33. Rxf1 Qh3 {[#]} 34. Bh7+ $1 {[%mdl 576] Decoy} Kxh7 35. Qc2+ Kh6 36. Rf6+ Kg5 37. Qf5+ Kh4 38. Be1+ Qg3 39. Rh6#) 31... Kf7 {White is clearly winning.} 32. Rh7+ Ke8 33. Rxc7 bxc4 34. Bxc4 {Qe2+ would kill now.} Qf4 35. Rg7 Rd8 36. Rxg6 Qxd2+ 37. Kxd2 Rf4 38. Ke3 {Accuracy: White = 63%, Black = 27%.} 1-0

[Event "3rd Memorial Warakomska 2019"]
[Site "Suwalki"]
[Date "2019.08.05"]
[Round "1.36"]
[White "Praczukowski, Stanislaw"]
[Black "Punin, Andrii"]
[Result "1/2-1/2"]
[WhiteElo "2166"]
[BlackElo "2305"]
[Annotator "TA"]
[PlyCount "56"]
[EventDate "2019.08.05"]
[EventType "swiss"]
[EventCountry "POL"]
[SourceTitle "playchess.com"]
[Source "ChessBase"]
[SourceQuality "1"]

{[%evp 11,56,12,15,12,28,25,32,16,13,0,20,10,29,41,35,29,31,32,37,29,20,28,22,22,44,5,17,12,14,12,12,7,7,6,10,7,7,3,8,9,10,0,3,0,27,0,0]} 1. e4 c6 2. d4 d5 3. exd5 cxd5 4. Bd3 Nc6 5. c3 Qc7 6. Ne2 Bg4 7. O-O {B13: Caro-Kann: Exchange Variation and Panov-Botvinnik Attack} Bh5 8. f4 e6 9. f5 $146 {White is slightly better.} ({Predecessor:} 9. Qe1 Bd6 10. Ng3 Nf6 11. Nxh5 Nxh5 12. g3 Nf6 13. Nd2 h5 14. Nf3 Kf8 {1-0 (43) Kovalev,V (2641)-Svane,R (2586) Moscow 2018}) 9... Bd6 10. fxe6 Bxh2+ 11. Kh1 {And now Na3 would win.} fxe6 12. Qe1 {Black must now prevent Bf4.} Bg6 13. Bf4 Bxf4 $1 14. Nxf4 {[%mdl 64] [#] Discovered Attack} Bxd3 15. Qxe6+ Qe7 16. Qxe7+ Kxe7 17. Nxd3 Nf6 18. Nd2 Rhf8 19. Rae1+ Kd6 20. Nc5 Nd8 21. Rf5 b6 22. Nd3 Ne6 23. Rfe5 Rae8 24. Kg1 Ng4 25. R5e2 Nc7 26. Ne5 Nxe5 27. dxe5+ Kc6 28. Nf3 Ne6 {Accuracy: White = 73%, Black = 71%.} 1/2-1/2

[Event "3rd Memorial Warakomska 2019"]
[Site "Suwalki"]
[Date "2019.08.05"]
[Round "1.37"]
[White "Licznerski, Lukasz"]
[Black "Szczurek, Krzysztof"]
[Result "1-0"]
[WhiteElo "2328"]
[BlackElo "2104"]
[Annotator "NA RC"]
[PlyCount "93"]
[EventDate "2019.08.05"]
[EventType "swiss"]
[EventCountry "POL"]
[TimeControl "40/5400+30:1800+30"]

1. e4 {[%emt 0:00:00]} g6 {[%emt 0:00:00]} 2. d4 {[%emt 0:00:13]} Bg7 {[%emt 0:00:00]} 3. Nf3 {[%emt 0:00:03]} d6 {[%emt 0:00:07]} 4. Bc4 {[%emt 0:00:29]} Nf6 {[%emt 0:00:18]} 5. Qe2 {[%emt 0:01:16]} O-O {[%emt 0:00:49]} 6. h3 {[%emt 0:01:06]} c6 {[%emt 0:00:44]} 7. Bb3 {[%emt 0:00:36]} e5 {[%emt 0:01:53]} 8. dxe5 {[%emt 0:03:40]} dxe5 {[%emt 0:00:09]} 9. O-O {[%emt 0:08:47]} Qe7 {[%emt 0:01:39]} 10. c3 {[%emt 0:10:33]} Nbd7 {[%emt 0:03:59]} 11. Nbd2 {[%emt 0:04:02]} Nc5 {[%emt 0:02:26]} 12. Bc2 {[%emt 0:00:05]} Nh5 {[%emt 0:00:50]} 13. Nc4 {[%emt 0:01:57]} b6 {[%emt 0:11:30]} 14. b4 {[%emt 0:04:16]} Ne6 {[%emt 0:03:06]} 15. g3 {[%emt 0:01:15]} Nc7 {[%emt 0:09:33]} 16. Kg2 {[%emt 0:04:35]} Ba6 {[%emt 0:03:44]} 17. a4 {[%emt 0:12:13]} Bb7 {[%emt 0:07:03]} 18. Be3 {[%emt 0:05:58]} c5 {[%emt 0:02:15]} 19. bxc5 {[%emt 0:02:57]} bxc5 {[%emt 0:00:15]} 20. Na5 {[%emt 0:02:30]} Bc8 {[%emt 0:03:53]} 21. Rfd1 {[%emt 0:02:57]} Ne6 {[%emt 0:03:02]} 22. Rab1 {[%emt 0:03:28]} f5 {[%emt 0:09:55]} 23. exf5 {[%emt 0:11:35]} gxf5 {[%emt 0:00:18]} 24. Nxe5 {[%emt 0:06:33]} Bxe5 {[%emt 0:03:34]} 25. Qxh5 {[%emt 0:00:48]} Bxc3 {[%emt 0:02:41]} 26. Qf3 {[%emt 0:02:48]} f4 {[%emt 0:09:20]} 27. gxf4 {[%emt 0:06:16]} Bxa5 {[%emt 0:03:17]} 28. Qxa8 {[%emt 0:00:00]} Nxf4+ {[%emt 0:00:43]} 29. Kh1 {[%emt 0:02:15]} Bxh3 {[%emt 0:01:33]} 30. Rg1+ {[%emt 0:00:51]} Ng6 {[%emt 0:03:49]} 31. Qe4 {[%emt 0:00:53]} Qxe4+ {[%emt 0:05:28]} 32. Bxe4 {[%emt 0:00:02]} Bb4 {[%emt 0:00:09]} 33. Rbc1 {[%emt 0:01:00]} Bf5 {[%emt 0:03:09]} 34. Bd5+ {[%emt 0:00:27]} Kg7 {[%emt 0:00:08]} 35. Bxc5 {[%emt 0:00:18]} Bxc5 {[%emt 0:02:33]} 36. Rxc5 {[%emt 0:00:02]} Kf6 {[%emt 0:00:08]} 37. Rc7 {[%emt 0:01:12]} Ke5 {[%emt 0:00:29]} 38. Bg2 {[%emt 0:00:16]} Nf4 {[%emt 0:00:46]} 39. Rxa7 {[%emt 0:00:28]} Rf6 {[%emt 0:01:23]} 40. Re1+ {[%emt 0:00:00]} Kd4 {[%emt 0:00:00]} 41. Rd1+ {[%emt 0:04:58]} Nd3 {[%emt 0:01:57]} 42. a5 {[%emt 0:16:12]} Ke5 {[%emt 0:01:00]} 43. Rd2 {[%emt 0:03:20]} Kf4 {[%emt 0:03:40]} 44. a6 {[%emt 0:03:45]} Rh6+ {[%emt 0:01:41]} 45. Kg1 {[%emt 0:00:01]} Rg6 {[%emt 0:00:08]} 46. Rxd3 {[%emt 0:00:48]} Bxd3 {[%emt 0:00:10]} 47. Rf7+ 1-0

[Event "3rd Memorial Warakomska 2019"]
[Site "Suwalki"]
[Date "2019.08.05"]
[Round "1.38"]
[White "Hoffmann, Yair"]
[Black "Zylka, Stanislaw"]
[Result "0-1"]
[WhiteElo "2099"]
[BlackElo "2308"]
[Annotator "NA RC"]
[PlyCount "96"]
[EventDate "2019.08.05"]
[EventType "swiss"]
[EventCountry "POL"]
[TimeControl "40/5400+30:1800+30"]

1. d4 {[%emt 0:00:00]} Nf6 {[%emt 0:00:00]} 2. c4 {[%emt 0:00:00]} g6 {[%emt 0:00:03]} 3. Nc3 {[%emt 0:00:15]} d5 {[%emt 0:00:09]} 4. Nf3 {[%emt 0:00:10]} Bg7 {[%emt 0:00:08]} 5. Bf4 {[%emt 0:00:11]} O-O {[%emt 0:00:16]} 6. e3 {[%emt 0:00:22]} c5 {[%emt 0:00:41]} 7. dxc5 {[%emt 0:00:24]} Qa5 {[%emt 0:00:21]} 8. Rc1 {[%emt 0:00:46]} dxc4 {[%emt 0:02:14]} 9. Bxc4 {[%emt 0:00:59]} Nc6 {[%emt 0:01:37]} 10. O-O {[%emt 0:00:52]} Qxc5 {[%emt 0:00:28]} 11. Bb3 {[%emt 0:01:12]} Qa5 {[%emt 0:00:23]} 12. h3 {[%emt 0:00:37]} Bf5 {[%emt 0:05:55]} 13. Qe2 {[%emt 0:06:27]} Qb4 {[%emt 0:01:31]} 14. g4 {[%emt 0:23:12]} Bd7 {[%emt 0:05:48]} 15. Rfd1 {[%emt 0:03:10]} Rad8 {[%emt 0:12:38]} 16. Bc7 {[%emt 0:03:30]} Rc8 {[%emt 0:00:29]} 17. Bg3 {[%emt 0:00:09]} h6 {[%emt 0:05:08]} 18. e4 {[%emt 0:03:21]} Be6 {[%emt 0:10:40]} 19. e5 {[%emt 0:05:58]} Nh7 {[%emt 0:03:10]} 20. Nd5 {[%emt 0:04:06]} Bxd5 {[%emt 0:00:23]} 21. Bxd5 {[%emt 0:00:53]} Nd4 {[%emt 0:06:17]} 22. Nxd4 {[%emt 0:04:18]} Rxc1 {[%emt 0:00:28]} 23. Rxc1 {[%emt 0:00:32]} Qxd4 {[%emt 0:00:08]} 24. Rd1 {[%emt 0:01:34]} Qb6 {[%emt 0:00:52]} 25. h4 {[%emt 0:00:33]} Rd8 {[%emt 0:09:03]} 26. Bb3 {[%emt 0:05:25]} Rxd1+ {[%emt 0:03:36]} 27. Qxd1 {[%emt 0:00:16]} Nf8 {[%emt 0:01:03]} 28. Kg2 {[%emt 0:03:02]} e6 {[%emt 0:04:28]} 29. Qd3 {[%emt 0:06:31]} Qc6+ {[%emt 0:01:52]} 30. Qf3 {[%emt 0:04:13]} Qc7 {[%emt 0:01:17]} 31. Qe3 {[%emt 0:01:03]} Nd7 {[%emt 0:00:25]} 32. f4 {[%emt 0:00:31]} b5 {[%emt 0:02:14]} 33. g5 {[%emt 0:03:34]} h5 {[%emt 0:00:34]} 34. Bf2 {[%emt 0:00:38]} a6 {[%emt 0:00:55]} 35. Qe4 {[%emt 0:02:59]} Qc8 {[%emt 0:09:00]} 36. Bd1 {[%emt 0:00:48]} Bf8 {[%emt 0:00:26]} 37. Bf3 {[%emt 0:01:21]} Qc1 {[%emt 0:01:07]} 38. Qc6 {[%emt 0:02:31]} Qd2 {[%emt 0:04:03]} 39. Kg3 {[%emt 0:00:28]} Kg7 {[%emt 0:01:24]} 40. b3 {[%emt 0:00:00]} Ba3 {[%emt 0:00:00]} 41. Qxa6 {[%emt 0:08:01]} Bc5 {[%emt 0:09:49]} 42. Bxc5 {[%emt 0:02:41]} Nxc5 {[%emt 0:00:08]} 43. Qb6 {[%emt 0:02:20]} Nd3 {[%emt 0:00:40]} 44. Qd4 {[%emt 0:00:40]} b4 {[%emt 0:00:36]} 45. Bb7 {[%emt 0:01:36]} Qc3 {[%emt 0:01:45]} 46. Qd8 {[%emt 0:03:58]} Nxe5+ {[%emt 0:03:30]} 47. Kg2 {[%emt 0:00:14]} Ng4 {[%emt 0:00:35]} 48. Kf1 {[%emt 0:00:58]} Qe3 {[%emt 0:01:15]} 0-1